Lord denning : the judge and the law

محفوظ في:
التفاصيل البيبلوغرافية
مؤلفون آخرون: Jowel, J. L., McAuslan, J. P. W. B.
التنسيق: كتاب
منشور في: New Delhi : Sweet & Maxwell ltd, c1984.
الموضوعات:
الوسوم: إضافة وسم
لا توجد وسوم, كن أول من يضع وسما على هذه التسجيلة!

MARC

LEADER 00000nam a22000007a 4500
005 20251009082111.0
020 |a 9788175343696  |c TZS 25,189 
040 |a MCCL  |b eng.  |e AACR 2nd rev. ed. 
082 |a 340.11 DEN 
245 |a Lord denning :  |b the judge and the law  |c / edited by J. L. Jowel and J. P. W. B. McAuslan 
260 |a New Delhi :  |b Sweet & Maxwell ltd,  |c c1984. 
300 |a xxxv, 486 p. ;  |c 24 cm. 
504 |a Include bibliographical references (p. 477- 478) and index 
546 |a eng 
650 |a Denning 
650 |a Judgements 
650 |a Administrative law 
700 |a Jowel, J. L.  
700 |a McAuslan, J. P. W. B.  
942 |c BK 
999 |c 12339  |d 12339